A Map of the Body, a Map of the Mind: Visualising Geographical Knowledge in the Roman World

محفوظ في:

المؤلف الرئيسي: Dr Iain Ferris

التنسيق: كتاب

اللغة: Undetermined

الوصول للمادة أونلاين: Login to view Source

الوسوم: إضافة وسم

لا توجد وسوم, كن أول من يضع وسما على هذه التسجيلة!

رقم الطلب:

LEADER 00490nmm a2200133Ia 4500
008 240716s9999||||xx |||||||||||||||||und||
020 |a 9781803277813 
020 |a 9781803277820 
100 |a Dr Iain Ferris 
245 1 2 |a A Map of the Body, a Map of the Mind: Visualising Geographical Knowledge in the Roman World  |c Dr Iain Ferris 
264 |b Archaeopress Archaeology  |c 13-يونيو-24 
856 4 0 |u http://library.arce.org:8087/Archaeopress/Products/9781803277813 
942 |2 lcc  |c EBOOK 
999 |c 58922  |d 58922